MARC

LEADER 00000nam0a2200000 4500
001 327364
005 20231102003943.0
035 |a (RuTPU)RU\TPU\book\353024 
090 |a 327364 
100 |a 20170128d1946 m y0rusy50 ca 
101 0 |a rus 
102 |a RU 
105 |a ac z 000zb 
200 1 |a Театр имени Вахтангова. 20 лет  |f ред. В. Ф. Пименов 
210 |a Москва  |c [Б. и.]  |d 1946 
215 |a 111 с.  |c ил. 
600 1 |a Вахтангов  |b Е. Б.  |c российский режиссер  |f 1883-1922  |g Евгений Багратионович  |c актер  |c педагог  |2 stltpush  |3 (RuTPU)RU\TPU\pers\10939 
606 1 |a Театр  |2 stltpush  |3 (RuTPU)RU\TPU\subj\58738  |9 76490 
610 1 |a актеры 
610 1 |a спектакли 
610 1 |a режиссеры 
610 1 |a история 
675 |a 792  |v 4 
702 1 |a Пименов  |b В. Ф.  |4 340 
801 1 |a RU  |b 63413507  |c 20170128 
801 2 |a RU  |b 63413507  |c 20201005  |g RCR 
942 |c BK